[Event "Linares 11th"]
[Site "Linares"]
[Date "1993.??.??"]
[Round "4"]
[White "Bareev, Evgeny"]
[Black "Ljubojevic, Ljubomir"]
[Result "1-0"]
[WhiteElo "2670"]
[BlackElo "2605"]
[Annotator "Ftacnik,Lubomir"]
[PlyCount "71"]
[EventDate "1993.02.??"]
[EventType "tourn"]
[EventRounds "13"]
[EventCountry "ESP"]
[EventCategory "18"]
[SourceTitle "CBM 034"]
[Source "ChessBase"]
[SourceDate "1993.06.01"]
[SourceVersion "1"]
[SourceVersionDate "1993.06.01"]
[SourceQuality "1"]

1. d4 {Konikowski} d5 2. c4 e6 3. Nc3 c5 4. cxd5 cxd4 5. Qa4+ (5. Qxd4 {Konikowski} Nc6 6. Qd1 (6. Qa4 exd5 7. e3 Nf6 8. Nf3 Be6 9. Bb5 Bd7 (9... Qb6 $5) 10. b3 Bb4 11. Bd2 O-O 12. Bxc6 Bxc3 13. Bxc3 Bxc6 14. Qh4 Ne4 $10 {Gerloff-Drüke/corr/1986/}) 6... exd5 7. Qxd5 Be6 8. Qxd8+ Rxd8 9. e3 Nb4 10. Bb5+ Ke7 11. Kf1 $1 g5 12. f3 Bg7 13. Kf2 a6 14. Be2 b5 (14... Nf6 $5) 15. Nh3 Nc2 16. Rb1 b4 17. Bd1 $1 bxc3 (17... Rxd1 $2 18. Rxd1 bxc3 19. bxc3 Bxc3 20. Rb7+ Kf6 21. Rc7 $18) 18. bxc3 g4 (18... Bxh3 19. gxh3 Nxe3 20. Bxe3 Bxc3 21. Rb7+ $16) 19. Nf4 gxf3 20. gxf3 Bxa2 21. Rb7+ Rd7 22. Rxd7+ Kxd7 23. Bxc2 Bxc3 24. Ba4+ Kc7 25. Ba3 Kb6 26. Rc1 Be5 27. Nd3 Bf6 (27... Bxh2 28. Rc8 { b2+-}) 28. Rc6+ Ka5 29. Bc2 Bh4+ 30. Kg2 Ne7 31. Bb4+ Kb5 32. Rc5+ Kb6 33. Ba5+ Kb7 34. Nb4 Be6 35. Rc7+ Kb8 36. Nxa6+ Ka8 37. Be4+ Nd5 38. Bb6 Rg8+ 39. Kh1 {1:0/Neurohr-Niedermaier/BL/1988/}) 5... b5 $5 (5... Bd7 {Konikowski} 6. Qxd4 exd5 7. Qxd5 Nc6 8. e3 (8. Nf3 Nf6 9. Qb3 Bc5 10. e3 (10. Bg5 O-O 11. e3 h6 12. Bxf6 Qxf6 13. Ne4 $16 {Stam-Welling/Utrecht/1985/}) 10... O-O 11. Be2 Be6 12. Qa4 Qc7 13. O-O Rad8 14. Bd2 Ng4 15. Rfd1 Bd6 16. g3 Qe7 17. Be1 f5 18. Nd5 Qf7 19. Ng5 Qh5 20. h4 Bc8 21. Nf4 Bxf4 22. Rxd8 Nxd8 23. Qxf4 Nc6 24. Qc7 {1-0/Karpov-Hector/Haninge/1990/}) (8. Bg5 Nf6 9. Qd2 h6 (9... Bb4 10. Nf3 h6 11. Bxf6 Qxf6 12. a3 (12. e3 $142) 12... Ba5 13. Rc1 O-O-O 14. b4 Bg4 15. Qa2 Bc7 16. Nb5 Bxf3 17. gxf3 Bb6 18. Qc4 Kb8 19. Rg1 $2 (19. Bg2 $142 { 20.0-0}) 19... Rhe8 20. f4 Ne5 $1 21. Qe4 Nd3+ 22. exd3 Rxe4+ 23. dxe4 Bxf2+ $1 {0-1/Ftacnik-Szeles/Zalaegerszeg/1979/}) 10. Bh4 g5 11. Bg3 Bb4 $5 12. f3 Qe7 13. a3 Bc5 14. Rd1 Be6 15. Bd6 Bxd6 16. Qxd6 Qxd6 17. Rxd6 Ke7 18. Rd2 Rhd8 19. e3 Rxd2 20. Kxd2 Rd8+ 21. Kc1 $2 (21. Ke1 $142) 21... Na5 $132 {Dreev-Rodriquez/Logrono/1991/}) 8... Nf6 9. Qd1 Bc5 10. Nf3 Qe7 11. Be2 O-O-O 12. O-O g5 13. b4 g4 (13... Bxb4 14. Qb3 g4 15. Nd4 Nxd4 16. exd4 Be6 17. Qb2 Nd5 18. Nxd5 Rxd5 19. Bf4 Bd6 20. Bxd6 Qxd6 21. Rfb1 b6 22. a4 $40 {Prudnikowa-Vojska/Azov/1990/}) 14. bxc5 (14. Nd4 $5) 14... gxf3 15. Bxf3 Ne5 16. Be2 (16. Nd5 Nxf3+ 17. Qxf3 Nxd5 18. Qxd5 Rhg8 $132 {Zernitzki-Faas/Leningrad/1978/}) 16... Rhg8 17. g3 Bc6 18. Qc2 Qe6 19. e4 Qh3 20. Bf4 Neg4 21. Bxg4+ Rxg4 22. Qc1 Nh5 23. Ne2 Rdg8 24. f3 Nxf4 25. Qxf4 (25. Nxf4 Rxg3+ 26. Kh1 Rxf3 $1 27. Nxh3 Rxf1+ 28. Qxf1 Bxe4+ $19) 25... Rxf4 26. Nxf4 Qh6 {0-1/Truta-Portisch,F/Budapest/1993/}) 6. Qxd4 (6. Qxb5+ $2 Bd7 7. Qb7 dxc3 8. Qxa8 cxb2 9. Bxb2 (9. Rb1 {Konikowski} bxc1=Q+ 10. Rxc1 Bb4+ 11. Kd1 Ba4+ 12. Rc2 Qc7 $19) 9... Qa5+ 10. Kd1 Ba4+ 11. Kc1 Qe1#) (6. Nxb5 {Konikowski} Bd7 7. d6 Bxb5 8. Qxb5+ Qd7 9. e3 dxe3 10. Bxe3 Bxd6 11. Rd1 Qxb5 12. Bxb5+ Ke7 13. Nf3 Nf6 $10) 6... Nc6 (6... b4 $2 {Konikowski} 7. Nb5 exd5 (7... a6 8. dxe6 $1 Bxe6 (8... axb5 9. exf7+ Ke7 10. fxg8=N+ Ke8 11. Qe4+ $18) 9. Qe4 axb5 10. Qxa8 $18) 8. Qxd5 $1 Qxd5 9. Nc7+ Kd8 10. Nxd5 Bb7 11. Nf4 Nd7 12. Nf3 Bd6 13. g3 Rc8 14. Bg2 Ngf6 (14... Rc2 15. Kd1) 15. Nd3 Re8 16. Be3 Be4 (16... Rc2 17. Rc1 Rxc1+ 18. Nxc1 a5 19. Bd4 $16) 17. Kd2 a5 18. Rhc1 Rxc1 19. Rxc1 $16) 7. Qd2 (7. Qd1 {Konikowski} exd5 8. e3 a6 9. Qxd5 Bb7 10. Nf3 Nf6 11. Qb3 (11. Qxd8+ Rxd8 12. Be2 Bc5 13. O-O O-O 14. b3 Rfe8 15. Bb2 Ba7 $13) 11... Bc5 (11... Bb4 12. Bd2 Qe7 13. Be2 O-O 14. O-O Na5 15. Qc2 Rac8 16. a3 Bd6 17. Rac1 Nc4 $13) 12. Be2 Qe7 13. O-O O-O 14. Rd1 Rfd8 15. Bd2 Rac8 $13) 7... exd5 8. Qxd5 Bd7 9. Qe4+ $146 (9. Bg5 $5 Nf6 (9... Be7 10. Bxe7 Ngxe7 11. Qd2) 10. Qd2) (9. Bg5 $5 {Konikowski}) ({RR} 9. Nf3 Nf6 10. Qd1 Qa5 11. Bd2 b4 12. Nb1 Be7 13. e3 O-O 14. Be2 Rac8 15. O-O Ne5 16. Nd4 Rfe8 17. Na3 Qc7 18. Nac2 Neg4 19. g3 Qe5 20. Kg2 Bd6 21. b3 Rc5 22. Bxb4 Qh5 23. h4 Bc6+ {Dakhno,K (1486)-Saifiev,M (1569) Almaty 2025 1-0 (83)}) ({RR} 9. e3 Nf6 10. Qd1 a6 11. Nf3 Qb6 12. Be2 Rd8 13. O-O Bf5 14. Bd2 Be7 15. a3 O-O 16. b4 Ne4 17. Nxe4 Bxe4 18. Qc1 Bxf3 19. Bxf3 Ne5 20. Be4 f5 21. Bc3 Qb8 22. Bc2 Rc8 23. Qb2 Bf6 {Sadler,M (2565)-Apicella,M (2555) Linares 1995 ½-½ (40)}) ({RR} 9. Nf3 Nf6 10. Qd1 Qa5 11. Bd2 b4 12. Nb1 Be7 13. e3 O-O 14. Be2 Rac8 15. O-O Ne5 16. Nd4 Rfe8 17. Na3 Qc7 18. Nac2 Neg4 19. g3 Qe5 20. Kg2 Bd6 21. b3 Rc5 22. Bxb4 Qh5 23. h4 Bc6+ {Dakhno,K (1486)-Saifiev,M (1569) Almaty 2025 1-0 (83)}) ({RR} 9. e3 Nf6 10. Qd1 a6 11. Nf3 Qb6 12. Be2 Rd8 13. O-O Bf5 14. Bd2 Be7 15. a3 O-O 16. b4 Ne4 17. Nxe4 Bxe4 18. Qc1 Bxf3 19. Bxf3 Ne5 20. Be4 f5 21. Bc3 Qb8 22. Bc2 Rc8 23. Qb2 Bf6 {Sadler,M (2565)-Apicella,M (2555) Linares 1995 ½-½ (40)}) 9... Be7 10. Bg5 (10. Nxb5 $2 {Konikowski} Qa5+ 11. Nc3 Nf6 12. Qf3 Rd8 13. e3 (13. Bd2 Nd4 14. Qd3 Be6 15. Qb1 Bb3 16. Ne4 (16. axb3 Qxa1 17. Qxa1 Nc2+ 18. Kd1 Nxa1 $19) 16... Bb4 17. axb3 Nc2+ 18. Kd1 (18. Qxc2 Qxa1+ 19. Qd1 Qxd1+ 20. Kxd1 Nxe4 $19) 18... Nxa1 19. Nf3 Nxb3 $19) 13... Nb4 14. Qd1 Bf5 15. Bb5+ Kf8 $19) 10... h6 11. Bxe7 Ngxe7 12. e3 Bf5 13. Qf4 a6 14. Nf3 g5 $1 (14... Qa5 $5 {Konikowski} 15. Nd4 Nxd4 16. exd4 (16. Qxd4 O-O 17. Be2 Rad8 18. Qf4 Nd5 19. Qxf5 Nxc3 20. a3 Nxe2+ 21. b4 Qc7 22. Kxe2 Qc4+ 23. Kf3 Qc6+ 24. Kg3 Rd5 25. Qf3 Rg5+ 26. Kh4 Qc4+ 27. g4 (27. e4 f5 28. Rhe1 fxe4 29. Rxe4 Rxf3 30. Rxc4 Rxg2 31. Rc7 Rxh2+ 32. Kg4 Rfxf2 $19) 27... f5 28. Rhg1 fxg4 29. Qg2 g3+ 30. f4 Rxf4+ 31. exf4 Qxf4+ 32. Kh3 Qg4#) 16... Rd8 17. Be2 Qb4 18. Qc1 Rxd4 19. O-O O-O 20. a4 Bd3 21. Bxd3 Rxd3 22. axb5 axb5 $10) 15. Qg3 Qa5 16. Be2 b4 17. Nd1 Be6 (17... b3+ 18. Nc3 Nd5 19. Qd6 $1 (19. Qd6 {Konikowski} Nce7 20. Qe5 f6 21. Qd4 Nb4 22. O-O Nc2 23. Qxf6 Rf8 24. Qxh6 Nxa1 25. Nxg5 Nc2 26. Bh5+ Kd7 27. Rd1+ Kc7 28. Qd6+ Kc8 29. Qxe7 Rd8 (29... Rh8 30. Rd5 bxa2 31. Rc5+ Qxc5 (31... Kb8 32. Qd6+ Kb7 33. Bf3+ $18) 32. Qxc5+ Kb8 33. Qe5+ Kb7 34. Bf3+ $18) 30. Rxd8+ Qxd8 31. Qc5+ Kb8 32. Qxf5 $18)) 18. Nd4 (18. e4 g4 19. Nh4 Nd4 $17) 18... Nxd4 19. exd4 Nf5 20. Qe5 Qxe5 21. dxe5 Ke7 22. Bd3 Rhd8 (22... Nd4 $5 $15) (22... Nd4 $5 {Konikowski} 23. h4 g4 24. Ne3 Rhd8 25. Rc1 Rac8 26. Rxc8 Rxc8 27. Kd2 a5 $44) 23. Bxf5 Bxf5 24. Ne3 Ke6 25. O-O Kxe5 $2 (25... Rac8 26. Rac1 Bd3 $10) (25... Rd2 $142 $1 {Konikowski} 26. Rac1 (26. f4 Bd3 27. Rad1 Rxd1 28. Rxd1 gxf4 29. Rxd3 fxe3 30. Rxe3 Rc8 31. Rh3 Kxe5 32. Rxh6 Rc2 33. Rxa6 Rxb2 34. h3 f5 35. Ra8 f4 36. h4 Kf5 37. h5 Kg5 38. Ra5+ Kh6 39. Rf5 (39. Kf1 Rc2 40. Rb5 Rxa2 41. Rxb4 Kxh5 42. Rxf4 Kg5 $10) 39... Rxa2 40. Rxf4 b3 41. Kh2 b2 42. Rb4 Kxh5 43. Kg3 $10) (26. Rfc1 Bg6 27. Rc6+ Ke7 28. Nc4 Rc2 29. Rd1 Rd8 30. Rcd6 Rxd6 31. exd6+ Kd8 32. Ne5 Rxb2 33. Nc6+ Kd7 34. Nb8+ Kd8 35. Nxa6 Bc2 (35... Rxa2 36. Nxb4 Re2 37. Kf1 Re6 38. Nc6+ Kd7 39. Nb8+ Kd8 40. Rd5 f6 41. f3 Be8 42. d7 Bg6 43. Rc5 Bd3+ 44. Kf2 Re2+ 45. Kg3 Rc2 46. Rxc2 Bxc2 47. Kg4 Bg6 48. f4 h5+ 49. Kf3 Bf5 $10) 36. Rc1 Kd7 37. f3 b3 38. axb3 Bxb3 39. Nb8+ Kxd6 40. Rc6+ Ke7 41. Rxh6 Bd5 42. Na6 g4 43. Nc7 Bb7 44. fxg4 Rxg2+ 45. Kf1 Rxg4 $10) 26... Be4 (26... Rxb2 $2 27. Rc6+ Kxe5 28. Rc5+ Ke6 29. Nxf5 Rxa2 30. g4 b3 31. Rd1 f6 32. Rd6+ Kf7 33. Rc7+ Kg8 34. Rxf6 b2 35. Rg7+ Kh8 36. Rxh6#) 27. Nc4 Rd4 28. b3 (28. Rfd1 Rad8 29. Rxd4 Rxd4 30. h3 Bd5 31. b3 Bxc4 32. bxc4 a5 33. c5 Kd7 34. c6+ Kc7 35. Rc5 a4 36. Ra5 a3 37. Ra7+ Kxc6 38. Rxf7 b3 $19) 28... Bd5 29. Nb6 Rd8 30. Nxd5 Kxd5 31. Rfe1 Re8 32. g3 Rxe5 33. Rxe5+ Kxe5 34. Rc6 Rd6 $10) 26. f4+ $1 gxf4 27. Nc4+ Kf6 (27... Kd4 28. Rxf4+ Be4 29. Re1 f5 30. Ne3 $16 (30. Ne3 {Konikowski} Ke5 31. Rh4 $16)) 28. Rxf4 Kg5 29. Raf1 Bd3 (29... Be6 30. Ne5 f5 31. Nf7+ $1 Bxf7 32. Rxf5+ Kg6 33. Rf6+ $16) 30. h4+ Kh5 (30... Kg6 {Konikowski} 31. Ne5+ $18) 31. R1f3 f5 $6 (31... Bxc4 32. Rxc4 $16 (32. Rxc4 {Konikowski} a5 33. Rxf7 Rd2 34. Rg7 (34. Rf2 $5) 34... Rad8 35. Rc5+ R8d5 36. Rxd5+ Rxd5 37. g3 Rd2 38. Ra7 Kg4 39. Rxa5 Kxg3 40. Kf1 Rxb2 41. h5 Kf3 42. Ke1 $10)) 32. Ne5 Be4 33. Kh2 $1 Rg8 (33... Bxf3 34. Rxf5+ Kxh4 35. g3#) 34. Kh3 $1 Bxf3 (34... Raf8 35. Rxe4 fxe4 36. Rxf8 Rxf8 37. g4#) 35. Rxf5+ Rg5 36. hxg5 (36. hxg5 Be2 (36... Be4 37. g4#) 37. g6#) 1-0

[Event "Enghien les Bains 4th"]
[Site "Enghien les Bains"]
[Date "2001.04.16"]
[Round "5"]
[White "Lautier, Joel"]
[Black "Grischuk, Alexander"]
[Result "1-0"]
[WhiteElo "2658"]
[BlackElo "2668"]
[Annotator "Lautier,Joel"]
[PlyCount "137"]
[EventDate "2001.04.11"]
[EventType "tourn"]
[EventRounds "9"]
[EventCountry "FRA"]
[EventCategory "17"]
[SourceTitle "CBM 083"]
[Source "ChessBase"]
[SourceDate "2001.07.05"]
[SourceVersion "1"]
[SourceVersionDate "2001.07.05"]
[SourceQuality "1"]

1. d4 d5 2. c4 e6 3. Nc3 c5 4. cxd5 exd5 5. Nf3 Nc6 6. g3 Nf6 7. Bg2 Be7 8. O-O O-O 9. Bg5 cxd4 10. Nxd4 h6 11. Be3 Re8 12. Qa4 Bd7 13. Rfd1 $1 Na5 (13... Nb4 14. Qb3 a5 15. a4 $14 (15. Nxd5 $5)) 14. Qc2 Nc4 (14... Rc8 15. Nf5 $14) 15. Nxd5 $1 ({RR} 15. Bf4 Rc8 16. Nf5 Bb4 17. Nxd5 Ne3 18. Qxc8 Bxc8 19. Nfxe3 Nxd5 20. Nxd5 Qa5 21. a3 Be7 22. Bc7 Qa4 23. Nxe7+ Rxe7 24. Rd8+ Re8 25. b3 Qb5 26. Rad1 Kh7 27. Rxe8 Qxe8 28. e3 Bf5 29. Rd4 Qb5 {Radovanovic,D (2293)-Todorovic,G (2289) Bajina Basta SRB 2024 ½-½ (76)}) ({RR} 15. Bf4 Rc8 16. Nf5 Bb4 17. Nxd5 Ne3 18. Qxc8 Bxc8 19. Nfxe3 Nxd5 20. Nxd5 Qa5 21. a3 Be7 22. Bc7 Qa4 23. Nxe7+ Rxe7 24. Rd8+ Re8 25. b3 Qb5 26. Rad1 Kh7 27. Rxe8 Qxe8 28. e3 Bf5 29. Rd4 Qb5 {Radovanovic,D (2293)-Todorovic,G (2289) Bajina Basta SRB 2024 ½-½ (76)}) 15... Nxd5 16. Bxd5 Nxe3 17. fxe3 Bf6 $146 (17... Qb6 18. Qb3 $14) (17... Bg5 18. e4 Qb6 19. Qb3 Qxb3 20. axb3 $14) ({RR} 17... Bg5 18. e4 Qf6 19. Qd3 Bh3 20. Rf1 Qe5 21. Rxf7 Kh8 22. Rd1 Rad8 23. Nf3 Qxb2 24. Nxg5 hxg5 25. Rxb7 Qe5 26. Qf3 g4 27. Qf4 Rxd5 28. Rxd5 Qa1+ 29. Kf2 Qf1+ 30. Ke3 Qc1+ 31. Kd3 Qd1+ 32. Qd2 {Williams,S (2421)-Todorovic,G (2482) Budapest 2002 1-0 (34)}) ({RR} 17... Qb6 18. Qc4 Rf8 19. Rac1 Bg5 20. Rc3 Rac8 21. Qd3 Qxb2 22. Rb3 Qxa2 23. Bxb7 Rce8 24. Ra3 Qb2 25. Rb3 {½-½ (25) Phillips,W (1852)-Alkkiomaki,J (1973) Radebeul 2016}) ({RR} 17... Bg5 18. e4 Qf6 19. Qd3 Bh3 20. Rf1 Qe5 21. Rxf7 Kh8 22. Rd1 Rad8 23. Nf3 Qxb2 24. Nxg5 hxg5 25. Rxb7 Qe5 26. Qf3 g4 27. Qf4 Rxd5 28. Rxd5 Qa1+ 29. Kf2 Qf1+ 30. Ke3 Qc1+ 31. Kd3 Qd1+ 32. Qd2 {Williams,S (2421)-Todorovic,G (2482) Budapest 2002 1-0 (34)}) ({RR} 17... Qb6 18. Qc4 Rf8 19. Rac1 Bg5 20. Rc3 Rac8 21. Qd3 Qxb2 22. Rb3 Qxa2 23. Bxb7 Rce8 24. Ra3 Qb2 25. Rb3 {½-½ (25) Phillips,W (1852)-Alkkiomaki,J (1973) Radebeul 2016}) 18. Qb3 $6 (18. Bxb7 $1 {(Grischuk)} Rxe3 (18... Rb8 $2 19. Nc6 $18) (18... Qe7 19. Bxa8 Qxe3+ 20. Kh1 Rxa8 21. Qd3 Qe7 22. Rac1 Bg4 $16) 19. Bxa8 Qxa8 20. Rac1 (20. Nf3 Bh3 21. Rac1 (21. Rd6 Bd8 22. Kf2 Re7 $132) 21... Re8 {->> 20.ac1}) 20... Re8 (20... Bh3 21. Qc6) 21. Nf3 Bh3 22. Rd6 $16) 18... Qe7 19. e4 Bg4 20. Rac1 Red8 (20... Rad8 21. Nf5 Bxf5 22. exf5 Bg5 (22... Qxe2 $2 23. Bxf7+ Kh8 24. Bxe8 $18) (22... Rd7 $2 23. Bxf7+ $18) 23. Rc2 Be3+ 24. Kg2 Kh8 25. Rd3 $14) (20... Rac8 $1 21. Nf3 (21. Nf5 $6 Bxf5 22. exf5 Rxc1 23. Rxc1 Qxe2 24. Qxb7 (24. Bxf7+ Kf8 25. Bxe8 $4 Bd4+ $19) 24... Re7 $40) (21. Rxc8 Rxc8 22. Qxb7 Qxb7 23. Bxb7 Rc4 $11) 21... b6 22. Kg2 (22. e5 Rxc1 23. Rxc1 Bxf3 24. exf3 (24. exf6 Bxd5 25. fxe7 Bxb3 26. axb3 Rxe7 $11) 24... Bxe5 $11) (22. Rxc8 Rxc8 23. e5 Bxf3 24. exf6 Qc5+ 25. Kf1 Bxd5 26. Qxd5 (26. Rxd5 Qc1+ 27. Rd1 Qc6 28. Qf3 Qxf3+ 29. exf3 gxf6 $11) 26... Qxd5 27. Rxd5 gxf6 28. Rd7 Rc2 $11) 22... Bh5 $132) 21. Nf3 $1 { e5} (21. Nf5 Bxf5 22. exf5 Qxe2 23. Qxb7 (23. Bxf7+ Kh8 $132) 23... Rab8 (23... Bg5 24. Re1 $16) 24. Qxf7+ Kh8 25. b3 Qxa2 $14) 21... Bh5 $6 (21... Be6 22. Bxe6 (22. e5 Bxd5 23. Rxd5 Rxd5 24. Qxd5 Rd8 25. Qc5 b6 26. Qxe7 Bxe7 27. Rc7 Bc5+ 28. Kg2 a5 $132 { d1}) 22... Qxe6 23. Qxe6 fxe6 24. e5 Be7 25. Kf1 $14 (25. Nd4 Rd5 26. Nxe6 Rxe5 27. Nf4 g5 28. Nd5 Rxe2 29. Rc7 Re8 30. Rxb7 Bc5+ 31. Kh1 Rf2 $44) (25. Rxd8+ Bxd8 $14)) (21... Rd7 22. e5 Bg5 (22... Bxe5 23. Bxf7+ $16) 23. Rc4 (23. Nxg5 hxg5 24. e6 fxe6 (24... Bxe6 25. Bxe6 fxe6 26. Rxd7 Qxd7 27. Rd1 Qe7 28. Qe3 $14) 25. Bf3 Bxf3 26. exf3 Rxd1+ 27. Rxd1 Rc8 $11) 23... Be6 (23... Bxf3 24. exf3 Rad8 (24... Qxe5 $2 25. f4) 25. Bxf7+ $16 Qxf7 $2 26. Rxd7 Rxd7 27. Rc8+ Kh7 28. e6 $18) 24. Rcd4 (24. e4 $14) 24... Bxd5 25. Rxd5 Rxd5 26. Rxd5 Rc8 27. Kg2 $14) 22. e5 $1 Bxe5 (22... Bg5 23. Rc3 $1 { h4} (23. Nxg5 $6 Qxg5 (23... hxg5 $6 24. e6 fxe6 25. Bxe6+ Kh8 26. Rxd8+ Rxd8 27. g4 Re8 28. Bf5 $16) 24. Rf1 (24. e6 Bxe2 25. exf7+ Kh8 $132) 24... Rd7 $132) 23... Bxf3 (23... Qe8 24. Rc7 $16) 24. Rxf3 Qxe5 25. e4 $16) 23. Qxb7 Qxb7 24. Bxb7 Rxd1+ 25. Rxd1 Rb8 26. Nxe5 Rxb7 27. Rd2 $16 (27. g4 Rb5 (27... Re7 $4 28. Rd8+ Kh7 29. Nd7 $18) (27... f6 28. Rd8+ Kh7 29. gxh5 fxe5 30. b3 Rb5 31. Re8 $16) 28. Rd8+ Kh7 29. Re8 Bg6 (29... Bxg4 $6 30. Nxg4 Rg5 31. h3 h5 (31... f5 32. Re5 Kg6 33. Kf2 fxg4 34. Rxg5+ Kxg5 35. hxg4 Kxg4 36. b4 Kf5 37. a4 Ke5 38. b5 Kd5 39. a5 $18) 32. Re5 f5 33. Kf2 hxg4 34. hxg4 Rxg4 35. Rxf5 $16) 30. Nxg6 (30. b3 Bb1) 30... Kxg6 31. b3 Ra5 (31... Rg5 32. h3 h5 33. Re4 $14) 32. a4 Rc5 $14) 27... f6 28. Nc4 Rc7 29. b3 Kf8 30. Kf2 Bf7 31. Nd6 (31. Rd4 $5) 31... a5 32. Rd4 (32. Nxf7 Kxf7 33. Rd5 a4 34. bxa4 Rc4 35. a3 Rxa4 36. Rd3 Ke6 $14) 32... Rc5 33. Ra4 Bd5 34. Ke3 (34. e4 $1 Be6 (34... Bc6 35. Rc4 Rxc4 36. Nxc4 a4 37. bxa4 Bxe4 (37... Bxa4 38. Ke3 $18) 38. Ke3 Bc6 39. a5 $18) 35. Ke3 $16 (35. Nb7 Rc2+ 36. Ke3 Rxh2 37. Rxa5 $16)) 34... Bc6 35. Rc4 Re5+ 36. Kd3 Bd7 37. Rd4 Ke7 38. Nc4 (38. e4 Be6 39. Nc4 $16) 38... Rf5 39. Rf4 Rh5 40. h4 Rd5+ 41. Rd4 Rf5 42. Re4+ Kd8 43. a4 $1 {× a5} g5 $2 44. Ne3 $2 (44. Nd6 Rf1 (44... Rd5+ 45. Rd4 $18) 45. Nf7+ Kc7 46. Nxh6 $18) 44... Rf2 45. Rd4 Kc7 46. Rc4+ Kd6 47. Rd4+ Kc7 48. Nd5+ Kc6 49. Ke3 Rf1 50. b4 axb4 51. Nxb4+ Kc7 52. Na6+ $6 (52. a5 $142 $16) 52... Kc8 53. Rc4+ (53. Nc5 Bc6 54. Rc4 Kd8 55. a5 Rg1) 53... Kd8 54. Nc5 Ke7 55. Rb4 $6 $138 (55. a5 $142) 55... Rc1 (55... Bc6 $5 $132) 56. Re4+ Kd8 $2 $138 (56... Kd6 $1 57. Nxd7 (57. Rd4+ Kxc5 58. Rxd7 Rc3+ 59. Kf2 Ra3 60. h5 Rxa4 61. Rh7 Kd5 62. Rxh6 Ke6 63. Rh7 Kf5 64. Rg7 (64. Rb7 Kg4 65. h6 Kh5 66. h7 Ra8 67. Kf3 Kg6 $11) 64... Kg4 65. h6 Ra8 66. h7 Rh8 $11 { h5-h6}) 57... Kxd7 $14) 57. Kd4 $1 $16 Bf5 58. Re3 gxh4 59. gxh4 Rh1 $6 60. Kd5 $40 Rxh4 61. a5 Rh1 62. a6 Ra1 (62... Kc7 63. Re7+ Kb8 64. e4 $1 (64. Rb7+ Ka8 65. Na4 Be4+ $1) 64... Bc8 (64... Rd1+ 65. Kc6 Bg6 66. Nd7+ $18) (64... Bh3 65. Rb7+ Ka8 66. Na4 $18) 65. a7+ Ka8 66. Re8 $18) 63. Kc6 { b7} Bg6 (63... Bc8 64. Nb7+ Bxb7+ 65. axb7 Rc1+ 66. Kb6 Rb1+ 67. Ka7 Ra1+ 68. Kb8 $18 { h3}) 64. Kb7 Rb1+ 65. Rb3 Rxb3+ (65... Be4+ 66. Kb8) 66. Nxb3 Be4+ 67. Kb8 h5 68. Nc5 Bd5 69. Nb7+ 1-0

[Event "Leon"]
[Site "Leon"]
[Date "1993.??.??"]
[Round "9"]
[White "Karpov, Anatoly"]
[Black "Illescas Cordoba, Miguel"]
[Result "1-0"]
[WhiteElo "2725"]
[BlackElo "2615"]
[Annotator "Ftacnik,Lubomir"]
[PlyCount "71"]
[EventDate "1993.05.??"]
[EventType "tourn"]
[EventRounds "9"]
[EventCountry "ESP"]
[EventCategory "12"]
[SourceTitle "CBM 036"]
[Source "ChessBase"]
[SourceDate "1993.10.01"]
[SourceVersion "1"]
[SourceVersionDate "1993.10.01"]
[SourceQuality "1"]

1. c4 {Anand} c5 2. Nf3 Nf6 3. Nc3 e6 4. g3 Nc6 5. Bg2 d5 6. cxd5 exd5 7. d4 Be7 8. O-O O-O 9. Bg5 cxd4 10. Nxd4 h6 11. Be3 Re8 12. Rc1 Bf8 (12... Be6 13. Nxc6 bxc6 14. Na4 Qa5 15. a3 Rec8 16. Bc5 Bd8 17. Bd4 Ne4 18. e3 Be7 19. Bxe4 dxe4 20. Nc5 Bxc5 21. Rxc5 Qd8 22. Qh5 Bd5 23. b4 a6 24. h4 $14 {Campos,J-Villavicencio,A/Benidorm op/1989/1-0 (48)}) (12... Bb4 13. Nxc6 bxc6 14. a3 Ba5 15. Na4 Bd7 16. Nc5 Bb6 17. b4 Bg4 18. Re1 Rc8 19. Bd4 Nd7 20. Qd3 h5 21. h3 Be6 22. Qc3 Nxc5 23. Bxc5 Qd7 24. Kh2 $13 {Probst,D-Schwaegli,B/Zuerich op/1992/0-1 (31)}) 13. a3 $5 (13. Na4 Qa5 (13... Ng4 14. Nxc6 bxc6 15. Bd4 Bd7 16. Nc5 Bf5 17. Re1 Qg5 18. e4 dxe4 19. Nxe4 Bxe4 20. Rxe4 Rxe4 21. Bxe4 {0,5/Robatsch,K-Anikaev,Y/Sochi/1974/}) 14. a3 Ne5 15. Bd2 Qd8 16. Qb3 Nc4 17. Rfd1 Nxd2 18. Rxd2 Ne4 19. Rdd1 Qf6 20. Bf3 Ng5 21. Nc3 Nxf3+ 22. Nxf3 Be6 23. Qxb7 Rab8 24. Qxa7 $14 {Robatsch,K-Huebner,R/Mitropa Cup/1993/0-1 (56)}) (13. Nxc6 {Anand is played here usually} bxc6 14. Na4 Bd7 (14... Qa5 $2 15. Rxc6 Bd7 16. Bd2 Qb5 17. Rxf6 $1 $18)) 13... Bg4 14. h3 Be6 15. Nxc6 bxc6 16. Bd4 (16. Na4 {Anand} Qc8 17. Kh2 Qa6 $1 $13) 16... Bd7 $146 (16... c5 17. Bxf6 Qxf6 18. Nxd5 Qxb2 19. Nc7 Rad8 20. Qe1 Re7 21. Qa5 $16) (16... Nd7 17. e4 (17. b4 $16 {Anand}) 17... dxe4 (17... c5 18. exd5 cxd4 19. dxe6 $18) 18. Nxe4 $14 (18. Nxe4 Bd5 $14)) (16... Ne4 17. Nxe4 dxe4 18. Bc5 Bxc5 19. Rxc5 Bd5 20. b4 $14) ({RR} 16... Nh7 17. Na4 Qd7 18. h4 Bf5 19. Re1 Be4 20. Bc5 Bxg2 21. Kxg2 Re4 22. e3 Qf5 23. Bxf8 Nxf8 24. Nc5 Re5 25. Nd3 Re6 26. Nf4 Rf6 27. Qd3 Qg4 28. f3 Qd7 29. e4 dxe4 {½-½ (29) Gelfand,B (2714)-Grischuk,A (2669) Biel 2001}) ({RR} 16... Nh7 17. Be3 Ng5 18. Kh2 Bd6 19. Qd2 Nxh3 20. f4 Qe7 21. Nd1 Qd7 22. f5 Bxf5 23. Bxh6 gxh6 24. Bxh3 Bxh3 25. Qxh6 Bxg3+ {0-1 (25) Epiney,F (2078)-Malysheva,P (2364) Biel 2004}) ({RR} 16... Nh7 17. Na4 Qd7 18. h4 Bf5 19. Re1 Be4 20. Bc5 Bxg2 21. Kxg2 Re4 22. e3 Qf5 23. Bxf8 Nxf8 24. Nc5 Re5 25. Nd3 Re6 26. Nf4 Rf6 27. Qd3 Qg4 28. f3 Qd7 29. e4 dxe4 {½-½ (29) Gelfand,B (2714)-Grischuk,A (2669) Biel 2001}) ({RR} 16... Nh7 17. Be3 Ng5 18. Kh2 Bd6 19. Qd2 Nxh3 20. f4 Qe7 21. Nd1 Qd7 22. f5 Bxf5 23. Bxh6 gxh6 24. Bxh3 Bxh3 25. Qxh6 Bxg3+ {0-1 (25) Epiney,F (2078)-Malysheva,P (2364) Biel 2004}) 17. Qd3 (17. Na4 {Anand} Ne4 {accomplishes little. Karpov, as is his want, keeps making useful moves.}) 17... Nh7 18. Be3 $1 (18. e4 $2 c5) 18... Bd6 $6 (18... Ng5 19. Bxg5 (19. h4 {Anand} Ne6 20. Rfd1 Rb8 $132) 19... Qxg5 (19... hxg5 20. Rfd1 (20. e4 dxe4 21. Nxe4 Bxh3 $1) 20... Rb8 $1 $13) 20. e4 $16 (20. e4 Qg6 21. Rfd1 $16)) (18... Qf6 $14) 19. Rfd1 Be6 (19... Qe7 20. Nxd5 $1 cxd5 21. Qxd5 $16) (19... Nf8 20. Nxd5 cxd5 21. Qxd5 Be5 22. Qxa8 Qxa8 23. Bxa8 Rxa8 24. Bd4 Bxd4 25. Rxd4 Bxh3 26. g4 h5 27. gxh5 $16) 20. b4 $1 $16 Nf8 (20... Ng5 21. Bxg5 Qxg5 22. e4 $16) (20... Qd7 21. b5) (20... a5 21. b5 $1 Bxa3 22. bxc6 Bxc1 23. Rxc1 $16) 21. Na4 (21. Qa6 Qc8 $1) 21... Ng6 22. Qc3 (22. Rxc6 $2 Ne5) 22... Bd7 23. Nc5 Bxc5 24. Bxc5 Rxe2 $6 25. Be3 Qe7 (25... a5 26. b5 (26. Qd3 Ra2 27. b5 $18) 26... cxb5 27. Bxd5 Rc8 28. Qd3 Rxe3 29. Qxe3 $16) 26. Bf1 Rxe3 27. Qxe3 Qxe3 28. fxe3 Re8 29. Kf2 Ne5 30. Rc5 Re7 31. e4 $1 Be6 (31... dxe4 32. Rxe5 Rxe5 33. Rxd7 $18) 32. b5 cxb5 33. exd5 Bd7 34. d6 Re6 35. Bxb5 Rf6+ 36. Kg2 1-0